| 000 | 00889cam a2200229 4500 | ||
|---|---|---|---|
| 001 | WB4015-13 | ||
| 008 | 040419n2004 000 0 eng u | ||
| 035 | _a(Sirsi) u125874 | ||
| 245 | _aQuality streets | ||
| 260 | _c2004 | ||
| 490 |
_aRICS Press Release _v(pr041) 21 April 2004, (2) |
||
| 520 | _aA new RICS report says that the government inititiative to revive demand in failed local housing markets, Pathfinders, risks losing its way without a clearer purpose and involvement of the private sector. The report "Housing market renewal - making the pathfinders succeed" is available at www.rics.org. | ||
| 590 | _aWB | ||
| 590 | _aWB | ||
| 650 | _aMARKET RENEWAL PATHFINDER AREAS | ||
| 650 | _aNEIGHBOURHOOD REGENERATION | ||
| 650 | _aLOCAL AUTHORITIES | ||
| 650 | _aREGENERATION PROGRAMMES | ||
| 650 | _aVALUE FOR MONEY | ||
| 690 | _aHOUSING-DEVELOPMENT | ||
| 942 | _n0 | ||
| 999 |
_c117211 _d117211 |
||